Principles of quantum mechanics / (Record no. 29151)

000 -LEADER
fixed length control field 00653 a2200181 4500
020 ## - INTERNATIONAL STANDARD BOOK NUMBER
International Standard Book Number 0306447908
020 ## - INTERNATIONAL STANDARD BOOK NUMBER
International Standard Book Number 9780306447907
082 04 - DEWEY DECIMAL CLASSIFICATION NUMBER
Classification number 530.12
090 ## - LOCALLY ASSIGNED LC-TYPE CALL NUMBER (OCLC); LOCAL CALL NUMBER (RLIN)
-- 520
-- 520
100 1# - MAIN ENTRY--PERSONAL NAME
Personal name Shankar, R.
245 10 - TITLE STATEMENT
Title Principles of quantum mechanics /
Statement of responsibility, etc. R. Shankar.
250 ## - EDITION STATEMENT
Edition statement 2nd ed.
260 ## - PUBLICATION, DISTRIBUTION, ETC.
Place of publication, distribution, etc. [S.l.] :
Name of publisher, distributor, etc. Springer,
Date of publication, distribution, etc. 1994.
300 ## - PHYSICAL DESCRIPTION
Extent 694 p. ;
Dimensions 26 cm.
942 ## - ADDED ENTRY ELEMENTS (KOHA)
Institution code [OBSOLETE] SNS
Koha item type Book
Call number prefix 530.12 SHA
Holdings
Withdrawn status Lost status Damaged status Not for loan Permanent Location Current Location Date acquired Total Checkouts Full call number Barcode Checked out Date last seen Date last checked out Price effective from Koha item type Source of classification or shelving scheme Shelving location Total Renewals
        School of Natural Sciences (SNS) School of Natural Sciences (SNS) 05/26/2016 4 530.12 SHA SNS0001758 02/21/2026 01/22/2026 01/22/2026 05/26/2016 Book      
      Not For Loan School of Natural Sciences (SNS) School of Natural Sciences (SNS) 05/26/2016 5 530.12 SHA SNS0000462   06/30/2021 11/07/2019 05/26/2016 Book   Reference 1
© 2023 Central Library, National University of Sciences and Technology. All Rights Reserved.